| 000 | 01165cam a2200277 a 4500 | ||
|---|---|---|---|
| 001 | 4364045 | ||
| 003 | OSt | ||
| 005 | 20170105101220.0 | ||
| 008 | 900913s1990 enk b 001 0 eng | ||
| 010 | _a 90071483 | ||
| 020 | _a185043302X | ||
| 040 |
_aDLC _cDLC _dDLC |
||
| 050 | 0 | 0 |
_aHC79.E5 _bA32 1990 |
| 082 | 0 | 0 |
_a363.7/0526 _220 |
| 100 | 1 |
_aAdamson, David, _d1927- |
|
| 245 | 1 | 0 |
_aDefending the world : _bthe politics and diplomacy of the environment / _cDavid Adamson. |
| 260 |
_aLondon ; _aNew York : _bI.B. Tauris ; _aNew York, NY : _bIn the United States of America and Canada distributed by St. Martin's Press, _c1990. |
||
| 300 |
_a240 p. ; _c23 cm. |
||
| 504 | _aIncludes bibliographical references (p. [233]-234) and index. | ||
| 650 | 0 |
_aEnvironmental policy _xInternational cooperation. |
|
| 856 | 4 | 2 |
_3Publisher description _uhttp://www.loc.gov/catdir/description/hol054/90071483.html |
| 856 | 4 | 1 |
_3Table of contents _uhttp://www.loc.gov/catdir/toc/hol052/90071483.html |
| 906 |
_a7 _bcbc _corignew _d2 _eopcn _f19 _gy-gencatlg |
||
| 942 |
_2ddc _cBK |
||
| 999 |
_c3586 _d3586 |
||